000 00718nam a2200217Ia 4500
003 IN-BaIIA
008 211028s9999 xx s 000 0 eng d
020 _a2-86883-767-0 (Online)
022 _a1633-4760 (Print)
022 _a1638-1963 (Online)
040 _cIIA Library
100 _aHeydari-Malayeri, M., ed.
_920646
245 0 _aEvolution of Massive Stars, Mass Loss and Winds
_h[eBook]
260 _aFrance
_bEDP Sciences
_c2004
300 _aiii, 394p.
490 _aEAS Publications Series
700 _aStee, Ph., ed.
_938141
700 _aZahn, J.-P., ed.
_913216
856 _uhttps://www.eas-journal.org/articles/eas/abs/2004/03/contents/contents.html
_yClick Here to Access eBook
942 _cEB
999 _c20607
_d20607